|
|
|
|
| LEADER |
00569cam a2200205 a 4500 |
| 001 |
0000128054 |
| 005 |
20110803090000.0 |
| 040 |
|
|
|a mod
|
| 041 |
|
|
|a eng
|
| 020 |
0 |
0 |
|a 9789673227976
|
| 090 |
0 |
0 |
|a 635.986
|b SAN
|
| 100 |
0 |
0 |
|a Santoso
|h Hieronymus Budi
|
| 245 |
0 |
0 |
|a 16 tanaman pasu popular
|c Hieronymus Budi Santoso
|
| 260 |
0 |
0 |
|a Kuala Lumpur
|b Synergy Media
|
| 300 |
0 |
0 |
|a iv, 115 p.
|b ill.
|c 26 cm
|
| 650 |
0 |
0 |
|a Plants breeding
|
| 650 |
0 |
0 |
|a Container gardening
|
| 650 |
0 |
0 |
|a Vases
|
| 852 |
0 |
0 |
|a 01
|
| 999 |
|
|
|a 0288697
|b JAB HAL EHWAL VETERAN
|d BOOKS
|e Umum
|f JHEV
|j AVAILABLE
|q GOOD CONDITION
|